Statistics for Biggest Cities in Chad on a Map

Click here to take the quiz!

General Stats

  • This quiz has been taken 36 times
  • The average score is 3 of 10

Answers on the Map

Answers color-coded by a green-red scale on the quiz's map according to % correct below.
Loading ...
 

Answer Stats

PopulationCity% Correct
951,418N'djamena
100%
97,224Sarh
46%
137,251Moundou
39%
97,963Abéché
36%
49,461Pala
25%
52,270Am Timan
21%
44,578Bongor
21%
41,248Goz Beïda
18%
57,859Kélo
18%
49,647Doba
14%

Score Distribution

Percentile by Number Answered

Percent of People with Each Score

Your Score History

You have not taken this quiz